Zborník vybraných výskumných úloh 1983-1984

Salvato in:
Dettagli Bibliografici
Natura: Libro
Lingua:slovacco
Pubblicazione: Bratislava Výskumný ústav cestovného ruchu 1985
Tags: Aggiungi Tag
Nessun Tag, puoi essere il primo ad aggiungerne!!

MARC

LEADER 00000nam a2200000 4500
001 c110003
005 20260120134229.4
041 0 |a slo 
044 |a SK 
245 1 0 |a Zborník vybraných výskumných úloh 1983-1984 
264 1 |a Bratislava  |b Výskumný ústav cestovného ruchu  |c 1985 
300 |a 277 s.